Представление документа в формате MARC21

ПолеНазваниеЗначение
  Тип записи a
  Библиографический уровень m
001 Контрольный номер RU\infra-m\znanium\bibl\2254187
005 Дата корректировки 20260429142237.1
008 Кодируемые данные 260416s2026 RU g rus u
020 Индекс ISBN __
a ISBN 978-5-16-022117-5
020 Индекс ISBN __
a ISBN 978-5-16-106078-0 (электр. издание)
040 Источник каталогиз. __
a Служба первич. каталог. Общество с ограниченной ответственностью «ЗНАНИУМ»
041 Код языка издания __
a Код языка текста rus
044 Код страны публикации __
a Код страны публикации RU
080 Индекс УДК __
a Индекс УДК 621.01(075.8)
084 Индекс другой классификации/Индекс ББК __
2 Источник индекса rubbk
a Индекс другой классификации/Индекс ББК 34.5я73
084 Индекс другой классификации/Индекс ББК __
2 Источник индекса okso
a Индекс другой классификации/Индекс ББК 15.03.01
084 Индекс другой классификации/Индекс ББК __
2 Источник индекса okso
a Индекс другой классификации/Индекс ББК 15.03.05
100 Автор __
a Автор Шрубченко И.В.
q Полное имя Шрубченко Иван Васильевич
u Дополнение Белгородский государственный технологический университет им. В.Г. Шухова
245 Заглавие __
a Заглавие Основы технологии сборки в машиностроении
b Продолж. заглавия Учебное пособие
c Ответственность Белгородский государственный технологический университет им. В.Г. Шухова
250 Сведения об издании __
a Основные сведения об издании 1
260 Выходные данные __
a Место издания Москва
b Издательство ООО "Научно-издательский центр ИНФРА-М"
c Дата издания 2026
300 Физическое описание __
a Объем 235 с.
440 Серия __
a Серия Высшее образование
520 Аннотация __
a Аннотация В учебном пособии рассмотрены вилы соединений в машиностроении и методы обеспечения точности их сборки. Приведены технологические основы сборки типовых соединений сведения об их допусках и посадках формулы для определения режимов сборки и выполнения проверочных расчетов на стадии технологического анализа конструкторской документации при проектировании технологии. Рассмотрены технологические основы сборки типовых сборочных единиц и устройств для передачи движения. Приведена методика проектирования технологического процесса сборки изделий. Пособие предназначено для студентов высших учебных заведений обучающихся по направлению подготовки дипломированных специалистов 15.05.01 «Проектирование технологических машин и комплексов» и бакалавров обучающихся по направлениям подготовки 15.03.01 «Машиностроение» 15.03.05 «Конструкторско-технологическое обеспечение машиностроительных производств».
521 Примеч. о цел. назн. __
a Примеч. о целев. назн. ВО - Бакалавриат
650 Тематические рубрики __
a Основная рубрика Промышленность. Энергетика
x Основная подрубрика Технология машиностроения
655 Указ. предметных рубрик (устаревшее) __
a Жанр/ форма (устаревшее) Учебное пособие
700 Другие авторы __
a Другие авторы Дуюн Т.А.
q Полное имя Дуюн Татьяна Александровна
u Дополнение Белгородский государственный технологический университет им. В.Г. Шухова
700 Другие авторы __
a Другие авторы Погонин А.А.
q Полное имя Погонин Анатолий Алексеевич
u Дополнение Белгородский государственный технологический университет им. В.Г. Шухова
700 Другие авторы __
a Другие авторы Хуртасенко А.В.
q Полное имя Хуртасенко Андрей Владимирович
u Дополнение Белгородский государственный технологический университет им. В.Г. Шухова
700 Другие авторы __
a Другие авторы Воронкова М.Н.
q Полное имя Воронкова Марина Николаевна
u Дополнение Белгородский государственный технологический университет им. В.Г. Шухова
856 Электронный адрес документа 4_
a Имя сервера/домена znanium.ru
m Помощь ebs_support@infra-m.ru
n Местонахождение сервера НИЦ ИНФРА-М
u URL https://znanium.ru/catalog/document?id=481676
856 Электронный адрес документа 48
a Имя сервера/домена znanium.ru
d Путь /cover/2254
f Электронное имя 2254187.jpg
q Тип электронного формата image/jpeg
u URL https://znanium.ru/cover/2254/2254187.jpg
911 __
u 0030=https://znanium.ru/catalog/document?id=481676